| 000 | 00598nam a2200229Ia 4500 | ||
|---|---|---|---|
| 003 | OSt | ||
| 005 | 20221006164636.0 | ||
| 006 | a|||||r|||| 00| 0 | ||
| 007 | ta | ||
| 008 | 221006b |||||||| |||| 00| 0 eng d | ||
| 024 | _a1,994 | ||
| 037 | _cTextual | ||
| 040 |
_aFML _cFML _beng |
||
| 041 |
_2eng _aeng |
||
| 082 | _aNR5,92, J6 | ||
| 100 |
_aPeltz Mary Ellis Au. _9677984 |
||
| 245 | 0 | _aIntroduction to Opera | |
| 260 |
_aNew York _bBarues & Noble Ina _c1956 |
||
| 300 |
_a332 _ccm. |
||
| 942 |
_hNR5,92, J6 _cTEXL _2CC |
||
| 999 |
_c1117959 _d1117959 |
||